| 000 | 01321cam a2200373 a 4500 | ||
|---|---|---|---|
| 001 | 2326 | ||
| 005 | 20250827145423.0 | ||
| 020 | _a9781442419742 | ||
| 020 | _a1442419741 | ||
| 020 | _a9781442419759 | ||
| 020 | _a144241975X | ||
| 020 | _a9781442435261 | ||
| 020 | _a1442435267 | ||
| 040 |
_aDLC _cDLC _dDLC _beng |
||
| 050 | 0 | 0 |
_aPZ7.C179 _bSt 2011 |
| 082 | 0 | 0 |
_a445 _222 |
| 100 | 1 |
_aCapucilli, Alyssa Satin _d1957- |
|
| 245 | 1 | 0 |
_aStarring Katy Duck / _cby Alyssa Satin Capucilli ; illustrated by Henry Cole. |
| 250 | _aFirst Editon | ||
| 260 |
_aNew York : _bSimon Spotlight, _c2011 |
||
| 300 |
_a22 unnumbered pages : _bIllustrations _c23 cm |
||
| 490 | 0 | _aReady-to-read. Level 1 | |
| 500 | _a"The text of this work is revised from Katy Duck, Center Stage, and the art for this book is taken from Katy Duck, Katy Duck is a Caterpillar, and Katy Duck, Center Stage." | ||
| 505 | _aG | ||
| 520 | _aKaty Duck is on stage and ready to perform at the dance show, but when the curtain opens, she feels very shy. | ||
| 521 |
_a380
_bLexile |
||
| 521 |
_aG
_bRaz-Plus |
||
| 650 | 1 |
_aDance _vFiction. |
|
| 650 | 1 |
_aDucks _vFiction. |
|
| 650 | 1 |
_aStage fright _vFiction. |
|
| 700 | 1 |
_aCole, Henry _d1955- _eillustrations |
|
| 906 |
_a7 _bcbc _corignew _d1 _eecip _f20 _gy-gencatlg |
||
| 942 |
_2ddc _cBK _n0 |
||
| 999 |
_c2326 _d2326 |
||